Elementary statistical methods (Record no. 543965)

000 -LEADER
fixed length control field 00385nam a22001337a 4500
082 ## - DEWEY DECIMAL CLASSIFICATION NUMBER
Classification number 519.5
Author Mark RHO
-- L-4:p-3
100 ## - MAIN ENTRY--PERSONAL NAME
Personal name E.C, Rhodes
9 (RLIN) 39480
245 ## - TITLE STATEMENT
Title Elementary statistical methods
Statement of responsibility, etc. Rhodes, E.C
260 ## - PUBLICATION, DISTRIBUTION, ETC.
Place of publication, distribution, etc. London
Name of publisher, distributor, etc. Grorge Routledge & Sons, Ltd
Date of publication, distribution, etc. 1937
300 ## - PHYSICAL DESCRIPTION
Extent p243. :
Other physical details ill. ;
Dimensions 10 cm.
526 ## - STUDY PROGRAM INFORMATION NOTE
Program name 0
Interest level 0
Reading level 0
Title point value 519_500000000000000_RHO
650 ## - SUBJECT ADDED ENTRY--TOPICAL TERM
Topical term or geographic name entry element MCE
9 (RLIN) 379
942 ## - ADDED ENTRY ELEMENTS (KOHA)
Source of classification or shelving scheme
Koha item type Book
Holdings
Withdrawn status Lost status Source of classification or shelving scheme Damaged status Not for loan Permanent Location Current Location Date acquired Total Checkouts Full call number Barcode Date last seen Price effective from Koha item type
          Military College of Engineering (MCE) Military College of Engineering (MCE) 04/08/2014   519.5 RHO MCE-29173 04/08/2014 04/08/2014 Book
© 2023 Central Library, National University of Sciences and Technology. All Rights Reserved.